| 000 | 00998nam a22002655i 4500 | ||
|---|---|---|---|
| 001 | 168330 | ||
| 003 | ES-MaACL | ||
| 005 | 20240409133116.0 | ||
| 008 | 080312m2007 sp |||| | spa d | ||
| 020 | _a978-84-672-2717-8 (Círculo de Lectores) | ||
| 020 | _a978-84-8109-704-7 (Galaxia Gutenberg) | ||
| 080 | _a821.134.2(728.5)-82"18" | ||
| 100 | 1 |
_aDarío, Rubén, _d1867-1916 _942720 |
|
| 245 | 1 | 0 |
_aObras completas / _cRubén Darío ; edición de Julio Ortega con la colaboración de Nicanor Vélez ; introducción general y notas de Julio Ortega ; prólogo de José Emilio Pacheco. |
| 260 |
_aBarcelona : _bCírculo de Lectores : _bGalaxia Gutenberg, _c[2007]- |
||
| 300 |
_a1 v. ; _c21 cm. |
||
| 490 | 1 | _aOpera mundi | |
| 505 | 8 | _aI. Poesía | |
| 700 | 1 |
_aVélez, Nicanor. _9137472 |
|
| 700 | 0 |
_aPacheco, José Emilio. _988124 |
|
| 700 | 0 |
_aOrtega, Julio, _d1942- _987416 |
|
| 830 | 0 |
_aOpera mundi _9180669 |
|
| 852 | 4 |
_aES-MaACL _jP-2005 |
|
| 999 |
_c168330 _d168330 |
||